| 000 | 00867cam a2200217 a 4500 | ||
|---|---|---|---|
| 020 | _a9787111232308 | ||
| 020 | _a7111232305 | ||
| 040 | _cHUA | ||
| 082 | 0 | 4 | _a330 JIX 2008 C152 Or. |
| 245 | 0 | 0 |
_a2008 Zhongguo qi ye hong guan huan jing : _bqi ye jia vs jing ji xue jia = The macroeconomic environment of Chinese entrepreneurs, 2008 : entrpreneurs vs economists / |
| 246 | 3 | 0 | _aQi ye jia vs jing ji xue jia |
| 246 | 3 | 1 |
_aMacroeconomic environment of Chinese entrepreneurs, 2008 : _bentrpreneurs vs economists |
| 250 | _aDi 1 ban. | ||
| 260 |
_aBeijing Shi : _bJi xie gong ye chu ban she, _c2008. |
||
| 300 |
_aix, 369 p. : _bill. ; _c24 cm. |
||
| 490 | 0 |
_aZhongguo qi ye jia diao cha xi tong nian du bao gao = _aChina entrepreneurs survey system annual report |
|
| 650 | 0 | _aEconomic forecasting | |
| 650 | 0 | _aEconomists | |
| 700 | 1 | _aLi, Lan, | |
| 942 | _cAEDBB | ||
| 999 |
_c18770 _d18770 |
||